000
00311nam a2200121Ia 4500
008
220217s9999||||xx |||||||||||||| ||und||
082
_a
005.13 HOL
100
_a
Holnzer, Steven
_9
3533
245
0
_a
C++ programming balck book
260
_a
Coriolas
_c
2001
300
_b
399
650
_a
PROGRAMMING LANGUAGE
999
_c
172137
_d
172137